Psicoterapia integrativa multidimensional

Na minha lista:
Detalhes bibliográficos
Autor principal: Corsi, Jorge (Author)
Formato: Livro
Idioma:espanhol
Publicado em: Buenos Aires Paidós 2005
Edição:1a. ed
Colecção:Psicología, Psiquiatría y Psicoterapia, 228
Assuntos:
Tags: Adicionar Tag
Sem tags, seja o primeiro a adicionar uma tag!

MARC

LEADER 00000nam a2200000 a 4500
001 UCI0566
003 CL-VaPUC
008 070518e20050000AG |||||||||||||||||spa|d
020 |a 9501234657 
082 0 4 |a 616.8914  |b COR  |2 21 
100 0 |a Corsi, Jorge  |e author  |9 520688 
245 1 0 |a Psicoterapia integrativa multidimensional 
250 |a 1a. ed 
300 |a 165 p 
942 |c BK 
945 |d 20070518 00:00:00  |a cmena 
260 |a Buenos Aires  |b Paidós  |c 2005 
650 7 |a PSICOTERAPIA  |2 CL-VaPUC  |9 520689 
650 0 |a Psicoanálisis   |9 265702 
650 0 |a Psicodiágnóstico  |9 312779 
650 7 |a TEORIAS PSICOLOGICAS  |2 CL-VaPUC  |9 455532 
650 0 |a Psicología clínica  |9 307259 
583 |a last modification  |c 20140403 09:34:21  |k Rodrigo Vera 
490 0 |a Psicología, Psiquiatría y Psicoterapia, 228 
999 |c 325654  |d 325652 
952 |0 0  |1 0  |4 0  |6 616_891400000000000_COR_2005  |7 0  |8 A  |9 406887  |a BIBEDU  |b BIBEDU  |d 2019-11-22  |i 4339797  |o 616.8914 COR 2005  |p 4339797  |r 2019-11-22  |w 2019-11-22  |y BK  |k PSI 
952 |0 0  |1 0  |4 0  |6 616_891400000000000_COR_2005  |7 0  |8 A  |9 406888  |a BIBEDU  |b BIBEDU  |d 2019-11-22  |i 4747801  |o 616.8914 COR 2005  |p 4747801  |r 2019-11-22  |w 2019-11-22  |y BK  |k PSI